000 00778nam a22002297a 4500
003 BCEG
005 20260324135028.0
008 260324s2024 mx |||||||||||||||f spa d
020 _a9786078898640
040 _aBCEG
_bspa
_cBCEG
082 0 4 _aI863.6
_bA185h
100 1 _aAcosta, Andrés.
245 1 0 _aHuérfanos.
260 _aCiudad de México :
_bEdicionesakal,
_c2024.
490 _aAkal Infantil. Mil Mundos Contados.
500 _aObra escrita gracias al Sistema de Apoyos a la Creación y Proyectos Culturales, a través del Sistema Nacional de Creadores de Arte.
535 _aDisponible en la colección infantil de 10-12 años.
541 _aCompra.
650 1 4 _aCuentos infantiles mexicanos.
700 1 _aVillanueva Segovia, Mariana,
_eil.
942 _cBK
999 _c437129
_d437129